000 00881nam a2200289 a 4500
001 BRCA_359
005 20190320202955.0
008 870731s1988 enka b 001 0 eng
020 _a0080349323
020 _a0080349307 (pbk.)
040 _aDLC
_cDLC
_dDLC
050 4 _aNK3780
_b.R27 1988
100 1 _aRado, Paul
_91198
245 1 0 _aAn Introduction to the Technology of Pottery
_cPaul Rado
250 _a2 ed.
260 _aOxford
260 _aNueva York
_bPublished on behalf of the Institute of Ceramics by Pergamon
_c1988
300 _axviii, 266 p.
_bil.
_c24 cm.
440 0 _aInstitute of Ceramics Textbook Series
_91199
500 _aIncluye glosario
500 _aDonación Consejo Británico
504 _aBibliografía: p. 241-251.
650 1 4 _aCerámica
_91200
710 2 _aInstitute of Ceramics (Great Britain)
_91201
902 _aDCB
942 _2lcc
_cB
999 _c296
_d296